[Event "Arandjelovac ASK-9 GM"]
[Site "Arandjelovac"]
[Date "2022.02.26"]
[Round "8"]
[White "Kardashevskiy, Evgeny"]
[Black "Stefansson, Vignir Vatnar"]
[Result "0-1"]
[WhiteElo "2443"]
[BlackElo "2484"]
[PlyCount "110"]
[EventDate "2022.02.21"]
[EventType "tourn"]
[EventRounds "9"]
[EventCountry "SRB"]
[EventCategory "7"]
[SourceTitle "CBM 207 Extra"]
[Source "ChessBase"]
[SourceDate "2022.05.31"]
[SourceVersion "1"]
[SourceVersionDate "2022.05.31"]
[SourceQuality "1"]

1. d4 e6 2. c4 b6 3. Nf3 Bb7 4. g3 Bxf3 5. exf3 Bb4+ 6. Bd2 Bxd2+ 7. Qxd2 d5 8. Nc3 Ne7 9. cxd5 Nxd5 10. Bd3 0-0 11. 0-0 Nc6 12. Nxd5 Qxd5 13. Be4 Qd6 14. Rfd1 Rad8 15. Bxc6 Qxc6 16. Qc3 Qxc3 17. bxc3 g5 18. a4 Rd5 19. c4 Rd6 20. c5 Rd5 21. cxb6 cxb6 22. a5 b5 23. a6 Rc8 24. Rdc1 Rc4 25. Rab1 Rdxd4 26. Rxc4 bxc4 27. Rb8+ Kg7 28. Rc8 Rd6 29. Rxc4 Rxa6 30. h4 h6 31. hxg5 hxg5 32. f4 g4 33. Rc5 f5 34. Kf1 Kf6 35. Rc7 e5 36. fxe5+ Kxe5 37. Ke2 Ra2+ 38. Ke3 Ra3+ 39. Ke2 a5 40. Rc4 Kd5 41. Rf4 Ke6 42. Rc4 Rb3 43. Rc6+ Kd5 44. Ra6 Ra3 45. Rf6 Ke4 46. Re6+ Kd4 47. Rf6 Ra2+ 48. Kf1 Ke5 49. Ra6 a4 50. Ra5+ Ke4 51. Kg1 a3 52. Kf1 Kd3 53. Rxf5 Rb2 54. Ra5 a2 55. Kg2 Kc2 0-1

[Event "Arandjelovac ASK-8 GM"]
[Site "Arandjelovac"]
[Date "2022.02.16"]
[Round "4"]
[White "Kardashevskiy, Evgeny"]
[Black "Damljanovic, Branko"]
[Result "0-1"]
[WhiteElo "2443"]
[BlackElo "2464"]
[PlyCount "142"]
[EventDate "2022.02.14"]
[EventType "tourn"]
[EventRounds "9"]
[EventCountry "SRB"]
[EventCategory "7"]
[SourceTitle "CBM 206 Extra"]
[Source "ChessBase"]
[SourceDate "2022.03.31"]
[SourceVersion "1"]
[SourceVersionDate "2022.03.31"]
[SourceQuality "1"]

1. d4 Nf6 2. c4 g6 3. Nf3 Bg7 4. g3 0-0 5. Bg2 d6 6. 0-0 Nbd7 7. Nc3 e5 8. b3 Re8 9. e4 a6 10. Re1 Rb8 11. Bb2 c6 12. Qc2 b5 13. Rad1 bxc4 14. bxc4 Qa5 15. Ba1 Nb6 16. c5 dxc5 17. Nxe5 Bb7 18. dxc5 Qxc5 19. Nd3 Qc4 20. Rb1 Nfd7 21. Rb4 Qe6 22. Reb1 Ba8 23. Na4 Bxa1 24. Rxa1 Nxa4 25. Rxa4 c5 26. Nf4 Qe7 27. Rd1 Rec8 28. Rxa6 Ne5 29. Qc3 c4 30. Ra5 f6 31. Nd5 Bxd5 32. exd5 Qb4 33. Ra3 Qd6 34. Ra7 Qb6 35. Re7 Nd3 36. Rd2 Qd6 37. Re4 Rb1+ 38. Bf1 Qxd5 39. Qd4 Qxd4 40. Rxd4 c3 41. R2xd3 c2 42. Rd8+ Rxd8 43. Rxd8+ Kf7 44. Rc8 c1Q 45. Rxc1 Rxc1 46. Kg2 Ke6 47. a4 Ra1 48. Bb5 Ke5 49. h4 Ra2 50. Kf3 Kd4 51. g4 Ra3+ 52. Kf4 Rh3 53. h5 gxh5 54. g5 fxg5+ 55. Kxg5 h4 56. f4 Rh1 57. Bc6 Rc1 58. Bd7 Rc7 59. Bg4 Ke4 60. f5 Rg7+ 61. Kxh4 Kf4 62. Bh3 Ra7 63. Kh5 Ke5 64. Kg5 Rxa4 65. Bg4 Rf4 66. Bh3 Rf2 67. Bg4 Rg2 68. f6 Rf2 69. Kh6 Kxf6 70. Kxh7 Rh2+ 71. Kg8 Rg2 0-1

[Event "Arandjelovac ASK-8 GM"]
[Site "Arandjelovac"]
[Date "2022.02.15"]
[Round "2"]
[White "Girinath, PDS"]
[Black "Kardashevskiy, Evgeny"]
[Result "1/2-1/2"]
[WhiteElo "2365"]
[BlackElo "2443"]
[PlyCount "106"]
[EventDate "2022.02.14"]
[EventType "tourn"]
[EventRounds "9"]
[EventCountry "SRB"]
[EventCategory "7"]
[SourceTitle "CBM 206 Extra"]
[Source "ChessBase"]
[SourceDate "2022.03.31"]
[SourceVersion "1"]
[SourceVersionDate "2022.03.31"]
[SourceQuality "1"]

1. e4 e5 2. Nf3 Nf6 3. Nc3 Nc6 4. d4 exd4 5. Nxd4 Bb4 6. Nxc6 bxc6 7. Bd3 d5 8. exd5 cxd5 9. 0-0 0-0 10. h3 c5 11. Qf3 Be6 12. Rd1 Qe7 13. Bg5 h6 14. Nxd5 Bxd5 15. Bxf6 Bxf3 16. Bxe7 Bxd1 17. Bxf8 Bxc2 18. Bxc5 Bxc5 19. Bxc2 Rd8 20. Rd1 Rxd1+ 21. Bxd1 Kf8 22. Kf1 Ke7 23. Ke2 Kd6 24. f4 Ke6 25. Bb3+ Kf5 26. Kf3 Bd4 27. Bc2+ Ke6 28. b4 f5 29. h4 g6 30. b5 Bb6 31. Bb3+ Kf6 32. Bd5 g5 33. fxg5+ hxg5 34. h5 g4+ 35. Ke2 Kg5 36. Be6 Kxh5 37. Bxf5 Kg5 38. Bc8 Kf4 39. Kd3 g3 40. Kc4 Ke5 41. a4 Kd6 42. Kb4 Kc7 43. a5 Be3 44. Bg4 Bd2+ 45. Ka4 Kb8 46. Bf3 Be1 47. Be4 Bd2 48. Bf3 Be1 49. b6 axb6 50. axb6 Bf2 51. Kb5 Be3 52. Be4 Bf2 53. Bf3 Be3 1/2-1/2

[Event "Arandjelovac ASK-7 GM"]
[Site "Arandjelovac"]
[Date "2022.02.12"]
[Round "8"]
[White "Kardashevskiy, Evgeny"]
[Black "Radovanovic, Nikola"]
[Result "1/2-1/2"]
[WhiteElo "2443"]
[BlackElo "2413"]
[PlyCount "64"]
[EventDate "2022.02.07"]
[EventType "tourn"]
[EventRounds "9"]
[EventCountry "SRB"]
[EventCategory "6"]
[SourceTitle "CBM 206 Extra"]
[Source "ChessBase"]
[SourceDate "2022.03.31"]
[SourceVersion "1"]
[SourceVersionDate "2022.03.31"]
[SourceQuality "1"]

1. d4 Nf6 2. c4 g6 3. Nf3 Bg7 4. g3 d5 5. Bg2 0-0 6. 0-0 dxc4 7. Na3 c3 8. bxc3 c5 9. Bb2 Nc6 10. Re1 Qb6 11. Nc4 Qa6 12. Nce5 Bf5 13. Nxc6 bxc6 14. Ne5 Rab8 15. Qc1 Rfc8 16. Ba3 cxd4 17. cxd4 c5 18. Bxc5 Ne4 19. Bxe4 Bxe4 20. Qf4 f5 21. f3 Bd5 22. Bxe7 Rb2 23. Nd3 Rxa2 24. Rxa2 Qxa2 25. Bc5 a5 26. Qd6 Bf7 27. Ne5 Be6 28. Kf1 Re8 29. Qc6 Rc8 30. Qd6 Re8 31. Qc6 Rc8 32. Qd6 Re8 1/2-1/2

[Event "Arandjelovac ASK-7 GM"]
[Site "Arandjelovac"]
[Date "2022.02.10"]
[Round "6"]
[White "Kardashevskiy, Evgeny"]
[Black "Nikolovski, Nikola"]
[Result "1-0"]
[WhiteElo "2443"]
[BlackElo "2402"]
[PlyCount "85"]
[EventDate "2022.02.07"]
[EventType "tourn"]
[EventRounds "9"]
[EventCountry "SRB"]
[EventCategory "6"]
[SourceTitle "CBM 206 Extra"]
[Source "ChessBase"]
[SourceDate "2022.03.31"]
[SourceVersion "1"]
[SourceVersionDate "2022.03.31"]
[SourceQuality "1"]

1. d4 e6 2. c4 f5 3. Nf3 Nf6 4. g3 Be7 5. Bg2 0-0 6. 0-0 d6 7. Nc3 Qe8 8. b4 Nc6 9. b5 Nd8 10. a4 Nf7 11. a5 Bd7 12. Qb3 e5 13. Rd1 Kh8 14. Ne1 Rb8 15. Nc2 f4 16. a6 b6 17. Nb4 Ng5 18. Ncd5 Bg4 19. Nxe7 Bxe2 20. Ned5 Nxd5 21. Nxd5 Qh5 22. Re1 Nf3+ 23. Bxf3 Bxf3 24. dxe5 dxe5 25. Ra3 e4 26. Nxf4 Rxf4 27. Bxf4 Rf8 28. Re3 Rxf4 29. gxf4 Qg4+ 30. Kf1 Qg2+ 31. Ke1 Qg1+ 32. Kd2 Qxf2+ 33. Kc1 Qg1+ 34. Kb2 Qxh2+ 35. Qc2 Qxf4 36. Rac3 g5 37. Qd2 g4 38. Qd4+ Kg8 39. c5 Kf7 40. cxb6 cxb6 41. Qd7+ Kg6 42. Rc6+ Kg5 43. Qe7+ 1-0

[Event "Novi Sad TS Mix 227th"]
[Site "Novi Sad"]
[Date "2021.12.01"]
[Round "3"]
[White "Sturt, Raven M"]
[Black "Kardashevskiy, Evgeny"]
[Result "0-1"]
[WhiteElo "2462"]
[BlackElo "2429"]
[PlyCount "122"]
[EventDate "2021.11.30"]
[EventType "swiss"]
[EventRounds "9"]
[EventCountry "SRB"]
[SourceTitle "EXT 2023"]
[Source "ChessBase"]
[SourceDate "2022.10.05"]
[SourceVersion "1"]
[SourceVersionDate "2022.10.05"]
[SourceQuality "1"]

1. e4 e5 2. Nf3 Nf6 3. d4 Nxe4 4. Bd3 d5 5. Nxe5 Nd7 6. Nc3 Nxc3 7. bxc3 Bd6 8. 0-0 0-0 9. Re1 c5 10. Qf3 Nxe5 11. dxe5 Be7 12. Be3 Be6 13. Rab1 Rb8 14. Qf4 Qd7 15. Red1 b5 16. Qg3 Rfc8 17. f4 g6 18. Qf2 b4 19. cxb4 d4 20. Bc1 c4 21. Be4 Bxb4 22. Rxb4 Rxb4 23. c3 Rb6 24. Rxd4 Qe7 25. f5 Bxf5 26. Bxf5 gxf5 27. Qxf5 Re8 28. Bf4 Qe6 29. Qe4 Qg6 30. Qxg6+ hxg6 31. Rxc4 Rb1+ 32. Kf2 Rb2+ 33. Kf3 Rxa2 34. Rc7 a5 35. c4 a4 36. g4 Rc2 37. Ke3 a3 38. Ra7 a2 39. Kd3 Rg2 40. Kc3 Rd8 41. Bc1 Rb8 42. Bd2 Rxg4 43. Rxa2 Rc8 44. Kd3 Rgxc4 45. Bg5 Rc3+ 46. Kd4 Rc2 47. Rxc2 Rxc2 48. h4 Kf8 49. Kd5 Re2 50. Kd6 Ke8 51. Bf6 Rc2 52. Bg5 Rb2 53. Kc6 Ra2 54. Kd6 Ra5 55. Bf6 Ra6+ 56. Kc7 Re6 57. Bg7 Ke7 58. Bf6+ Rxf6 59. exf6+ Kxf6 60. Kd6 g5 61. h5 g4 0-1

[Event "Novi Sad TS Mix 225th"]
[Site "Novi Sad"]
[Date "2021.11.25"]
[Round "5"]
[White "Zakhartsov, Vladimir"]
[Black "Kardashevskiy, Evgeny"]
[Result "1-0"]
[WhiteElo "2514"]
[BlackElo "2429"]
[PlyCount "97"]
[EventDate "2021.11.22"]
[EventType "swiss"]
[EventRounds "9"]
[EventCountry "SRB"]
[SourceTitle "CBM 205 Extra"]
[Source "ChessBase"]
[SourceDate "2022.01.31"]
[SourceVersion "1"]
[SourceVersionDate "2022.01.31"]
[SourceQuality "1"]

1. c4 c5 2. Nc3 Nf6 3. Nf3 d5 4. cxd5 Nxd5 5. e4 Nb4 6. Bc4 Nd3+ 7. Ke2 Nf4+ 8. Kf1 Ne6 9. Ne5 Nc6 10. Nxc6 bxc6 11. d3 g6 12. Na4 Bg7 13. Bxe6 Bxe6 14. Nxc5 0-0 15. Nxe6 fxe6 16. Qc2 Rb8 17. Rb1 Bd4 18. f3 Qa5 19. Qc4 Qe5 20. Ke2 c5 21. b3 g5 22. Bd2 Rf6 23. Rbf1 Rbf8 24. Kd1 Kh8 25. h4 g4 26. f4 Qc7 27. g3 e5 28. f5 Qb7 29. Rh2 Ra6 30. Bg5 Rb6 31. Rc2 a5 32. Bd2 Ra8 33. Ke2 Qd7 34. Bc3 a4 35. Bxd4 cxd4 36. b4 Qd6 37. a3 Qh6 38. Kf2 Kg7 39. Kg2 Raa6 40. Qd5 Rc6 41. Qxe5+ Qf6 42. Qxf6+ Kxf6 43. Rfc1 Rc3 44. Rxc3 dxc3 45. Kf2 Rc6 46. Ke3 e6 47. fxe6 Kxe6 48. d4 Rc8 49. Kd3 1-0

[Event "Novi Sad TS Mix 225th"]
[Site "Novi Sad"]
[Date "2021.11.24"]
[Round "3"]
[White "Kardashevskiy, Evgeny"]
[Black "Orujov, Farid"]
[Result "1-0"]
[WhiteElo "2429"]
[BlackElo "2206"]
[PlyCount "43"]
[EventDate "2021.11.22"]
[EventType "swiss"]
[EventRounds "9"]
[EventCountry "SRB"]
[SourceTitle "CBM 205 Extra"]
[Source "ChessBase"]
[SourceDate "2022.01.31"]
[SourceVersion "1"]
[SourceVersionDate "2022.01.31"]
[SourceQuality "1"]

1. Nf3 Nf6 2. c4 g6 3. Nc3 d5 4. cxd5 Nxd5 5. Qb3 Nb6 6. d4 Bg7 7. e4 Bg4 8. Bb5+ c6 9. Ng5 0-0 10. Be2 Bxe2 11. Nxe2 Qc8 12. h4 Qg4 13. h5 Bf6 14. hxg6 hxg6 15. f3 Qxg2 16. Rg1 Qh2 17. e5 Qh4+ 18. Kf1 N8d7 19. exf6 exf6 20. Ne4 Kg7 21. N2g3 Qh3+ 22. Kf2 1-0

[Event "Novi Sad TS Mix 223rd"]
[Site "Novi Sad"]
[Date "2021.11.20"]
[Round "7"]
[White "Kardashevskiy, Evgeny"]
[Black "Vagman, Roy"]
[Result "1-0"]
[WhiteElo "2429"]
[BlackElo "1956"]
[PlyCount "89"]
[EventDate "2021.11.16"]
[EventType "swiss"]
[EventRounds "9"]
[EventCountry "SRB"]
[SourceTitle "CBM 205 Extra"]
[Source "ChessBase"]
[SourceDate "2022.01.31"]
[SourceVersion "1"]
[SourceVersionDate "2022.01.31"]
[SourceQuality "1"]

1. d4 Nf6 2. c4 c5 3. d5 g6 4. Nc3 Bg7 5. e4 d6 6. h3 0-0 7. Nf3 e6 8. Be3 exd5 9. cxd5 Nbd7 10. Be2 Re8 11. Nd2 a6 12. a4 Qc7 13. 0-0 b6 14. Qc2 Bb7 15. Rae1 Re7 16. Bf4 h6 17. Bg3 Nh7 18. f4 Rb8 19. Bc4 Bc8 20. e5 Qa7 21. e6 fxe6 22. dxe6 Ndf6 23. f5 g5 24. Bxd6 Rbb7 25. Qd3 Bf8 26. Kh1 Kg7 27. Bxa6 Rbc7 28. Bc4 Qa8 29. Bd5 Bb7 30. Bxb7 Qxb7 31. Nc4 Rc8 32. Bxe7 Bxe7 33. Nd6 Rd8 34. Nxb7 Rxd3 35. Rd1 Rd4 36. Rxd4 cxd4 37. Nb5 Ne4 38. Nxd4 Ng3+ 39. Kg1 Nxf1 40. Kxf1 Kf6 41. g4 Bf8 42. Nc6 Be7 43. b4 h5 44. a5 bxa5 45. bxa5 1-0

[Event "Novi Sad TS Mix 223rd"]
[Site "Novi Sad"]
[Date "2021.11.18"]
[Round "5"]
[White "Kardashevskiy, Evgeny"]
[Black "Isha, Sharma"]
[Result "1/2-1/2"]
[WhiteElo "2429"]
[BlackElo "2185"]
[PlyCount "35"]
[EventDate "2021.11.16"]
[EventType "swiss"]
[EventRounds "9"]
[EventCountry "SRB"]
[SourceTitle "CBM 205 Extra"]
[Source "ChessBase"]
[SourceDate "2022.01.31"]
[SourceVersion "1"]
[SourceVersionDate "2022.01.31"]
[SourceQuality "1"]

1. d4 Nf6 2. Nf3 g6 3. c4 Bg7 4. g3 0-0 5. Bg2 c5 6. Nc3 cxd4 7. Nxd4 Qc7 8. Qd3 Nc6 9. 0-0 a6 10. Bf4 e5 11. Nxc6 dxc6 12. Bd2 Bf5 13. e4 Be6 14. Be3 Rfd8 15. Qe2 Ng4 16. Bg5 Rd4 17. b3 h6 18. Bd2 1/2-1/2

[Event "Chigorin Memorial 28th"]
[Site "St Petersburg"]
[Date "2021.10.28"]
[Round "6"]
[White "Kardashevskiy, Evgeny"]
[Black "Thing, Bibek"]
[Result "1/2-1/2"]
[WhiteElo "2429"]
[BlackElo "2148"]
[PlyCount "93"]
[EventDate "2021.10.23"]
[EventType "swiss"]
[EventRounds "9"]
[EventCountry "RUS"]
[SourceTitle "EXT 2023"]
[Source "ChessBase"]
[SourceDate "2022.10.05"]
[SourceVersion "1"]
[SourceVersionDate "2022.10.05"]
[SourceQuality "1"]

1. d4 d5 2. Nf3 Nf6 3. c4 c6 4. e3 Bf5 5. Nc3 e6 6. Nh4 Be4 7. f3 Bg6 8. Nxg6 hxg6 9. Bd2 Nbd7 10. Qb3 Qc7 11. 0-0-0 dxc4 12. Bxc4 b5 13. Be2 a6 14. Ne4 Nxe4 15. fxe4 c5 16. Kb1 Rc8 17. e5 c4 18. Qc2 Be7 19. h4 b4 20. h5 g5 21. Rdf1 Rh6 22. Rh3 Qc6 23. e4 Qb6 24. Be3 Qc6 25. Rc1 c3 26. Qd3 Qb7 27. Qxa6 Qxe4+ 28. Bd3 Qc6 29. bxc3 bxc3 30. Qxc6 Rxc6 31. Kc2 Kd8 32. Be4 Ra6 33. Ra1 Nb6 34. Rf3 Rxh5 35. Rxf7 Nd5 36. Bf2 Rb6 37. Bxd5 exd5 38. Kxc3 Rh2 39. g3 Ke8 40. Rf3 g4 41. Rf4 Bb4+ 42. Kd3 Rc6 43. Rb1 Rc3+ 44. Ke2 Rc2+ 45. Kd3 Rc3+ 46. Ke2 Rc2+ 47. Kd3 1/2-1/2

[Event "Cheliabinsk Variant Gp-A"]
[Site "Cheliabinsk"]
[Date "2021.03.29"]
[Round "8"]
[White "Kardashevskiy, Evgeny"]
[Black "Odegov, Artem"]
[Result "1/2-1/2"]
[WhiteElo "2427"]
[BlackElo "2298"]
[PlyCount "109"]
[EventDate "2021.03.23"]
[EventType "swiss"]
[EventRounds "10"]
[EventCountry "RUS"]
[SourceTitle "CBM 202 Extra"]
[Source "ChessBase"]
[SourceDate "2021.07.31"]
[SourceVersion "1"]
[SourceVersionDate "2021.07.31"]
[SourceQuality "1"]

1. d4 d5 2. Nf3 Nf6 3. c4 c6 4. e3 g6 5. Nc3 Bg7 6. Be2 0-0 7. 0-0 Bg4 8. cxd5 cxd5 9. Qb3 b6 10. h3 Bxf3 11. Bxf3 e6 12. Bd2 Nc6 13. Be2 Ne8 14. Rfc1 Nd6 15. Qa4 Ne7 16. Nb5 Nxb5 17. Bxb5 a5 18. Qa3 Nf5 19. Rc2 Nd6 20. Bd3 Qd7 21. Rac1 Rfc8 22. Qb3 Rxc2 23. Rxc2 b5 24. Rc5 b4 25. Qc2 Rc8 26. a3 bxa3 27. bxa3 a4 28. Bb4 Bf8 29. Kf1 Rb8 30. Rc7 Qd8 31. Rc6 Ra8 32. Qc5 Nb7 33. Qxf8+ Qxf8 34. Bxf8 Kxf8 35. Ke2 Nd8 36. Rc7 Rb8 37. Bc2 Nb7 38. Bxa4 Nd6 39. Rc3 Nc4 40. Bc2 Rb2 41. Kd1 Ra2 42. Bd3 Nxa3 43. Rc8+ Kg7 44. Ra8 Ra1+ 45. Ke2 Nc2 46. Rxa1 Nxa1 47. Kd2 Nb3+ 48. Kc3 Na5 49. Kb4 Nc6+ 50. Kc5 Ne7 51. Kd6 Ng8 52. f3 Kf8 53. e4 Nf6 54. h4 h6 55. Bc2 1/2-1/2

[Event "Cheliabinsk Variant Gp-A"]
[Site "Cheliabinsk"]
[Date "2021.03.27"]
[Round "5"]
[White "Demchenko, Anton"]
[Black "Kardashevskiy, Evgeny"]
[Result "1/2-1/2"]
[WhiteElo "2610"]
[BlackElo "2427"]
[PlyCount "169"]
[EventDate "2021.03.23"]
[EventType "swiss"]
[EventRounds "10"]
[EventCountry "RUS"]
[SourceTitle "CBM 202 Extra"]
[Source "ChessBase"]
[SourceDate "2021.07.31"]
[SourceVersion "1"]
[SourceVersionDate "2021.07.31"]
[SourceQuality "1"]

1. e4 e5 2. Nf3 Nf6 3. Nxe5 d6 4. Nf3 Nxe4 5. Bd3 Nf6 6. 0-0 Be7 7. c3 0-0 8. Bc2 b6 9. d4 Bb7 10. Re1 Nbd7 11. c4 d5 12. cxd5 Nxd5 13. Nc3 N7f6 14. Nxd5 Bxd5 15. Qd3 Re8 16. Ne5 c6 17. Bg5 g6 18. Ba4 Rc8 19. Rac1 Qd6 20. h3 Nh5 21. Bd2 Bf6 22. Qa3 Qxa3 23. bxa3 Re6 24. Bb3 Bxb3 25. axb3 Ng7 26. f4 Ree8 27. Nxc6 Rxe1+ 28. Bxe1 Bxd4+ 29. Kf1 Rc7 30. Rc4 Bc5 31. Nb4 Rd7 32. Nc2 Ne6 33. b4 Bd6 34. g3 Rc7 35. Rxc7 Nxc7 36. Nd4 h5 37. f5 a6 38. Ke2 Nb5 39. Nxb5 axb5 40. Kd3 gxf5 41. Kd4 f4 42. Kd5 Bb8 43. gxf4 Bxf4 44. Bf2 Bc1 45. Bxb6 Kf8 46. Kc6 Ke8 47. Kxb5 Bxa3 48. Kc4 Kd7 49. Be3 Bb2 50. Kd5 Ba3 51. b5 Bd6 52. Bd4 Bb8 53. Be5 Ba7 54. Bd6 f5 55. Bf4 Bf2 56. Bb8 Kc8 57. Bd6 Kb7 58. Bf4 Kb6 59. Kc4 Bg1 60. Bg5 Kc7 61. Bd2 Kb6 62. Bf4 Bf2 63. Bg5 Kc7 64. Bf6 Bg1 65. Kd5 Kb6 66. Kc4 Kc7 67. Bc3 Kb6 68. Bd2 Bf2 69. Bf4 Bg1 70. Bg5 Kc7 71. Kb4 Bf2 72. Bf6 Be3 73. Kc4 Bf2 74. Bd4 Bxd4 75. Kxd4 Kb6 76. Ke5 Kxb5 77. Kxf5 Kc6 78. Kg5 Kd7 79. Kxh5 Ke7 80. Kg6 Kf8 81. h4 Kg8 82. h5 Kh8 83. h6 Kg8 84. h7+ Kh8 85. Kh6 1/2-1/2

[Event "Cheliabinsk Variant Gp-A"]
[Site "Cheliabinsk"]
[Date "2021.03.24"]
[Round "2"]
[White "Kardashevskiy, Evgeny"]
[Black "Yumakhuzhin, Vadim"]
[Result "1-0"]
[WhiteElo "2427"]
[BlackElo "2182"]
[PlyCount "57"]
[EventDate "2021.03.23"]
[EventType "swiss"]
[EventRounds "10"]
[EventCountry "RUS"]
[SourceTitle "CBM 202 Extra"]
[Source "ChessBase"]
[SourceDate "2021.07.31"]
[SourceVersion "1"]
[SourceVersionDate "2021.07.31"]
[SourceQuality "1"]

1. d4 d5 2. Nf3 Nf6 3. c4 c6 4. Nc3 a6 5. a4 e6 6. Bg5 Nbd7 7. e3 Qa5 8. Bxf6 Nxf6 9. Nd2 Bb4 10. Qc2 0-0 11. Bd3 Bd7 12. 0-0 Rac8 13. c5 Qc7 14. Nf3 a5 15. Na2 b6 16. Nxb4 axb4 17. Rfc1 Rfd8 18. Qb3 Rb8 19. cxb6 Qxb6 20. a5 Qc7 21. Ne5 Be8 22. Rc5 Qb7 23. a6 Qb6 24. Rac1 Rdc8 25. Qc2 Nd7 26. Rxc6 Rxc6 27. Qxc6 Nxe5 28. Qxb6 Rxb6 29. a7 1-0

[Event "Cheliabinsk Variant Gp-A"]
[Site "Cheliabinsk"]
[Date "2021.03.23"]
[Round "1"]
[White "Kamalidenova, Meruert"]
[Black "Kardashevskiy, Evgeny"]
[Result "1/2-1/2"]
[WhiteElo "2161"]
[BlackElo "2427"]
[PlyCount "95"]
[EventDate "2021.03.23"]
[EventType "swiss"]
[EventRounds "10"]
[EventCountry "RUS"]
[SourceTitle "CBM 202 Extra"]
[Source "ChessBase"]
[SourceDate "2021.07.31"]
[SourceVersion "1"]
[SourceVersionDate "2021.07.31"]
[SourceQuality "1"]

1. e4 c5 2. Nf3 Nc6 3. d4 cxd4 4. Nxd4 e5 5. Nb5 d6 6. c4 a6 7. N5a3 Be7 8. Nc3 f5 9. exf5 Bxf5 10. Nc2 Nf6 11. Ne3 Be6 12. g3 0-0 13. Bg2 Qd7 14. 0-0 Rab8 15. b3 b5 16. Ncd5 Kh8 17. Bb2 Rfc8 18. Rc1 Bd8 19. Kh1 Ng4 20. f4 Nxe3 21. Nxe3 Bb6 22. cxb5 axb5 23. Qd2 Nd4 24. Nc2 Qa7 25. Nxd4 Bxd4 26. f5 Bxb2 27. Qxb2 Bf7 28. Rcd1 Qe7 29. Qd2 d5 30. Bxd5 Rd8 31. Qg2 Bxd5 32. Rxd5 e4 33. Rxd8+ Rxd8 34. Re1 e3 35. Qf3 Re8 36. a4 bxa4 37. bxa4 Qe4 38. Qxe4 Rxe4 39. Kg2 Kg8 40. Kf3 Rxa4 41. Rxe3 Kf7 42. Re4 Ra2 43. h4 g6 44. fxg6+ Kxg6 45. g4 Ra6 46. Kf4 h6 47. Rd4 Kf6 48. Rc4 1/2-1/2

[Event "Moscow op-A 17th"]
[Site "Moscow"]
[Date "2021.02.28"]
[Round "9"]
[White "Korchmar, Vasiliy"]
[Black "Kardashevskiy, Evgeny"]
[Result "1-0"]
[WhiteElo "2451"]
[BlackElo "2427"]
[PlyCount "91"]
[EventDate "2021.02.20"]
[EventType "swiss"]
[EventRounds "9"]
[EventCountry "RUS"]
[SourceTitle "CBM 200 Extra"]
[Source "ChessBase"]
[SourceDate "2021.03.31"]
[SourceVersion "1"]
[SourceVersionDate "2021.03.31"]
[SourceQuality "1"]

1. d4 Nf6 2. c4 e6 3. Nc3 d5 4. cxd5 exd5 5. Bg5 Be7 6. e3 c6 7. Bd3 Nbd7 8. h3 Nf8 9. Bf4 Ne6 10. Be5 g6 11. Nf3 0-0 12. 0-0 Ng7 13. a3 Bf5 14. b4 Bxd3 15. Qxd3 b5 16. Ne2 a5 17. Qc3 Ra6 18. Bxf6 Bxf6 19. Ne5 Qd6 20. Nf4 Be7 21. bxa5 f6 22. Ned3 Bd8 23. a4 Rxa5 24. axb5 Rxb5 25. Rfc1 g5 26. Ne2 Rb6 27. Qc5 Qb8 28. Qc2 Qd6 29. Ra7 Bc7 30. g3 Rfb8 31. Nc3 Rb3 32. Nxd5 Bd8 33. Nc3 f5 34. Na4 f4 35. Nac5 Rxd3 36. Qxd3 fxg3 37. Qc4+ Kh8 38. Qf7 gxf2+ 39. Kg2 Bf6 40. Ne4 f1Q+ 41. Rxf1 Rb2+ 42. Rf2 Rxf2+ 43. Nxf2 h5 44. Rd7 Qe6 45. Qxe6 Nxe6 46. Rd6 1-0

[Event "Moscow op-A 17th"]
[Site "Moscow"]
[Date "2021.02.22"]
[Round "3"]
[White "Kardashevskiy, Evgeny"]
[Black "Rozum, Ivan"]
[Result "1/2-1/2"]
[WhiteElo "2427"]
[BlackElo "2546"]
[PlyCount "81"]
[EventDate "2021.02.20"]
[EventType "swiss"]
[EventRounds "9"]
[EventCountry "RUS"]
[SourceTitle "CBM 200 Extra"]
[Source "ChessBase"]
[SourceDate "2021.03.31"]
[SourceVersion "1"]
[SourceVersionDate "2021.03.31"]
[SourceQuality "1"]

1. d4 d5 2. Nf3 Nf6 3. c4 e6 4. Nc3 c6 5. g3 Be7 6. Bg2 0-0 7. 0-0 b6 8. b3 Ba6 9. Qd3 b5 10. cxb5 cxb5 11. Nxb5 Qb6 12. a4 Nc6 13. Bf4 Nb4 14. Qd2 Bxb5 15. axb5 Qxb5 16. Rfc1 Qb6 17. Bc7 Qb7 18. Ne5 Rfc8 19. Ba5 Nc6 20. Nxc6 Rxc6 21. Rxc6 Qxc6 22. Qc3 Qb7 23. Qc7 Rb8 24. Rc1 Qxc7 25. Rxc7 Bd6 26. Rxa7 Rxb3 27. Ra8+ Rb8 28. Rxb8+ Bxb8 29. e3 Ne8 30. Bf1 f5 31. Bb5 Kf7 32. Bb4 Nd6 33. Bxd6 Bxd6 34. Kg2 Be7 35. Ba4 Bf6 36. Kf3 Be7 37. Bb5 Bd6 38. Ba4 Kf6 39. h4 h5 40. Be8 g6 41. Ba4 1/2-1/2

[Event "Cheliabinsk Lozovatsky Memorial-A"]
[Site "Cheliabinsk"]
[Date "2021.01.23"]
[Round "10"]
[White "Kardashevskiy, Evgeny"]
[Black "Khanin, Semen"]
[Result "0-1"]
[WhiteElo "2427"]
[BlackElo "2511"]
[PlyCount "160"]
[EventDate "2021.01.15"]
[EventType "swiss"]
[EventRounds "10"]
[EventCountry "RUS"]
[SourceTitle "CBM 200 Extra"]
[Source "ChessBase"]
[SourceDate "2021.03.31"]
[SourceVersion "1"]
[SourceVersionDate "2021.03.31"]
[SourceQuality "1"]

1. d4 Nf6 2. Nf3 g6 3. c4 Bg7 4. g3 c5 5. Bg2 cxd4 6. Nxd4 0-0 7. Nc3 Qc7 8. b3 d5 9. Ndb5 Qa5 10. Bd2 dxc4 11. bxc4 Qd8 12. Bf4 Nh5 13. Qxd8 Rxd8 14. Bd2 Nc6 15. Rc1 Bd7 16. Be3 Rac8 17. 0-0 a6 18. Na3 Be6 19. Na4 Nd4 20. Bxd4 Rxd4 21. Bxb7 Rc7 22. Bxa6 Rd2 23. Nb5 Rxc4 24. Nbc3 Rc7 25. Ne4 Rxc1 26. Rxc1 Rxa2 27. Nac5 Bd5 28. Bd3 h6 29. f3 Bd4+ 30. Kf1 Be3 31. Rd1 Ra5 32. Bc2 e6 33. Nd3 Bxe4 34. fxe4 Nf6 35. Kg2 Bd4 36. Kf3 Kg7 37. Rb1 g5 38. h3 h5 39. g4 hxg4+ 40. hxg4 Nd7 41. Rb7 Nf8 42. Bb3 Kf6 43. e3 Be5 44. Nxe5 Rxe5 45. Ba4 Ng6 46. Be8 Nh8 47. Ra7 Rc5 48. Rb7 Rc8 49. Bb5 Ng6 50. Be2 Ne5+ 51. Kf2 Rc2 52. Ke1 Ra2 53. Rb4 Nd7 54. Rd4 Nc5 55. Rc4 Ra5 56. Kf2 Ke5 57. Bf3 Ra2+ 58. Kg3 Nd3 59. Rc3 Rd2 60. Rc7 Ne1 61. Rxf7 Nc2 62. Rg7 Kf6 63. Rg8 Nxe3 64. e5+ Kf7 65. Rxg5 Nf1+ 66. Kf4 Rd4+ 67. Be4 Rb4 68. Rh5 Nd2 69. Rh7+ Kf8 70. Kg5 Nxe4+ 71. Kg6 Rb5 72. Rh8+ Ke7 73. Rh7+ Ke8 74. Rh5 Kd7 75. Kf7 Ra5 76. Kg6 Kc6 77. Kh6 Ra8 78. g5 Ng3 79. g6 Nxh5 80. Kxh5 Kd5 0-1

[Event "Cheliabinsk Lozovatsky Memorial-A"]
[Site "Cheliabinsk"]
[Date "2021.01.15"]
[Round "1"]
[White "Safin, Timur"]
[Black "Kardashevskiy, Evgeny"]
[Result "1/2-1/2"]
[WhiteElo "2127"]
[BlackElo "2427"]
[PlyCount "50"]
[EventDate "2021.01.15"]
[EventType "swiss"]
[EventRounds "10"]
[EventCountry "RUS"]
[SourceTitle "CBM 200 Extra"]
[Source "ChessBase"]
[SourceDate "2021.03.31"]
[SourceVersion "1"]
[SourceVersionDate "2021.03.31"]
[SourceQuality "1"]

1. e4 c5 2. c3 Nf6 3. e5 Nd5 4. d4 cxd4 5. Nf3 Nc6 6. cxd4 d6 7. exd6 Qxd6 8. Nc3 Nxc3 9. bxc3 g6 10. d5 Ne5 11. Bb5+ Bd7 12. Bf4 Nxf3+ 13. Qxf3 e5 14. Bxd7+ Kxd7 15. Be3 f5 16. Rb1 b6 17. Qe2 Rc8 18. Qa6 Rc7 19. c4 f4 20. Bxb6 axb6 21. Rxb6 Qc5 22. Rb8 Qd6 23. Rb6 Qc5 24. Rb8 Qd6 25. Rb6 Qc5 1/2-1/2